Causas formadas a consecuencia de la Sedición militar que tuvo lugar en esta corte en la noche del 7 de octubre de 1841 / (Record no. 43780)
[ view plain ]
| 000 -LEADER | |
|---|---|
| campo de control de longitud fija | 01354nam a2200217 i 4500 |
| 001 - NÚMERO DE CONTROL | |
| campo de control | 43780 |
| 003 - IDENTIFICADOR DE NÚMERO DE CONTROL | |
| campo de control | ES-MaACL |
| 005 - FECHA Y HORA DE LA ÚLTIMA TRANSACCIÓN | |
| campo de control | 20251113180109.0 |
| 007 - CAMPO FIJO DE DESCRIPCIÓN FÍSICA--INFORMACIÓN GENERAL | |
| campo de control de longitud fija | t| |
| 008 - DATOS DE LONGITUD FIJA--INFORMACIÓN GENERAL | |
| campo de control de longitud fija | 030318s1841 sp ||||1| spa d |
| 245 00 - MENCIÓN DEL TÍTULO | |
| Título | Causas formadas a consecuencia de la Sedición militar que tuvo lugar en esta corte en la noche del 7 de octubre de 1841 / |
| Mención de responsabilidad, etc. | publicado por Nemesio Fernández Cuesta, Francisco de Paula Madrazo y Juan Pérez Calvo. |
| 250 ## - MENCION DE EDICION | |
| Mención de edición | 2ª ed. |
| 260 ## - PUBLICACIÓN, DISTRIBUCIÓN, ETC. | |
| Lugar de publicación, distribución, etc. | Madrid : |
| Nombre del editor, distribuidor, etc. | [s.n.], |
| Fecha de publicación, distribución, etc. | 1841 ( |
| Fabricante | Imp. de Salvador Albert) |
| 300 ## - DESCRIPCIÓN FÍSICA | |
| Extensión | 1 v. ; |
| Dimensiones | 19 cm. |
| 505 8# - NOTA DE CONTENIDO CON FORMATO | |
| Nota de contenido con formato | Contiene: Causa de los generales Diego León y Manuel de la Concha. Causa del brigadier de infantería Fernando Norzagoray. Causa del brigadier Gregorio Quiroga y Frias y del Conde de Requena. Sumario en averiguación de la conducta que observaron varios sugetos [sic] en la citada noche. Causa de varios gefes [sic] y oficiales del Regimiento de Infantería de la Primera. Causa del Teniente Coronel Dámaso Fulgosio y del Coronel José Fulgosio. Causa del Comandante José María Marquesí, de los capitanes de la guardia Pedro Fontes y Juan Ortega |
| 700 1# - ENTRADA AGREGADA--NOMBRE PERSONAL | |
| Nombre de persona | Fernández Cuesta, Nemesio, |
| Fechas asociadas al nombre | 1818-1893 |
| 9 (RLIN) | 49614 |
| 700 0# - ENTRADA AGREGADA--NOMBRE PERSONAL | |
| Nombre de persona | Madrazo, Francisco de Paula. |
| 9 (RLIN) | 75338 |
| 700 1# - ENTRADA AGREGADA--NOMBRE PERSONAL | |
| Nombre de persona | Pérez Calvo, Juan, |
| Fechas asociadas al nombre | m.1870 |
| 9 (RLIN) | 90698 |
| 852 ## - LOCALIZACIÓN | |
| Ubicación | ES-MaACL |
| Número de control de estantería | G-11095 |
| Estatus retirado | Estado de pérdida | Estado de daño | No para préstamo | Colección | Biblioteca de origen | Biblioteca actual | Ubicación en estantería | Fecha de adquisición | Fuente de adquisición | Total de préstamos | Signatura topográfica completa | Código de barras | Visto por última vez | Precio de reemplazo | Tipo de ítem Koha |
|---|---|---|---|---|---|---|---|---|---|---|---|---|---|---|---|
| Libros del s. XIX | Biblioteca del Ateneo de Madrid | Biblioteca del Ateneo de Madrid | Sala Pecera Planta 3 | 17/01/2008 | G-11095 | 1046084 | 23/02/2023 | 23/02/2023 | Libro impreso antiguo |
